| 000 | 00505nam a22001577a 4500 | ||
|---|---|---|---|
| 008 | 160201b xxu||||| |||| 00| 0 eng d | ||
| 020 | _a9780078750892 | ||
| 082 |
_22007 _aDK12 620.07 _bSh55 |
||
| 100 |
_92333 _aShih, Randy H. |
||
| 245 |
_aDesigning with inventor 10/ _cRandy H. Shih. |
||
| 260 |
_aNew York : _bMcGraw Hill/ Glencoe, _cc2006. |
||
| 300 |
_a352 pages : _billustrations ; _c28cm. |
||
| 500 | _aIncludes glossary and index. | ||
| 650 | 0 |
_92334 _aEngineering _xStudy and teaching. |
|
| 942 |
_2ddc _cDC |
||
| 999 |
_c849 _d849 |
||